Bách khoa thư văn hoá cổ điển Trung Quốc /
Shranjeno v:
| Glavni avtor: | |
|---|---|
| Format: | Sách giấy |
| Jezik: | Vietnamese |
| Izdano: |
H. :
Văn hoá - Thông tin,
2002.
|
| Teme: | |
| Oznake: |
Označite
Brez oznak, prvi označite!
|
| Thư viện lưu trữ: | Thư viện Trường Đại học Đà Lạt |
|---|
| LEADER | 00770nam a2200301 4500 | ||
|---|---|---|---|
| 001 | DLU120136636 | ||
| 005 | ##20120615 | ||
| 040 | # | # | |a DLU |b vie |
| 041 | # | # | |a vie |
| 044 | # | # | |a vn |
| 082 | # | # | |a 306.089 951 |b NG-N |
| 100 | # | # | |a Nguyễn Tôn Nhân. |
| 245 | # | # | |a Bách khoa thư văn hoá cổ điển Trung Quốc / |c Nguyễn Tôn Nhân. |
| 260 | # | # | |a H. : |b Văn hoá - Thông tin, |c 2002. |
| 300 | # | # | |a 1521 tr. ; |c 24 cm. |
| 651 | # | # | |a Trung Quốc |x Văn minh |v Bách khoa toàn thư và từ điển. |
| 923 | # | # | |a 01/2012DP |
| 991 | # | # | |a SH |
| 992 | # | # | |a 240000 |
| 994 | # | # | |a KDP |
| 998 | # | # | |a TK |
| 900 | # | # | |a True |
| 911 | # | # | |a Đào Thị Thu Huyền |
| 925 | # | # | |a G |
| 926 | # | # | |a A |
| 927 | # | # | |a SH |
| 980 | # | # | |a Thư viện Trường Đại học Đà Lạt |